000 00788nac a22002051u 4500
010 _a87072391
020 _a818538617X
082 0 0 _a658.3
_bM6449
090 _c1139
_d1139
100 _aMilkovich, George T.
245 1 0 _aPersonnel/human resource management :
_ba diagnostic approach /
_cGeorge T. Milkovich, John W. Boudreau.
250 _a5th ed.
260 _aNew Delhi :
_bA. I. T. B. S. publishers and distributers,
_c2004.
300 _axvi, 872 p. :
_bill. ;
_c25 cm.
504 _aIncludes bibliographies and indexes.
650 0 _aPersonnel management.
700 1 _aBoudreau, John W.
942 _cBB
_k658.3M6449
999 _c1139
_d1139